Normal view
MARC view
- علماء امريكيون
Entry Topical Term
001 - CONTROL NUMBER
- control field: 18245
003 - CONTROL NUMBER IDENTIFIER
- control field: JO-AjAnu
005 - DATE AND TIME OF LATEST TRANSACTION
- control field: 20230606073216.0
008 - FIXED-LENGTH DATA ELEMENTS
- fixed length control field: 230606|| aca||aabn | a|a d
040 ## - CATALOGING SOURCE
- Original cataloging agency: JO-AjAnu
- Transcribing agency: JO-AjAnu
150 ## - HEADING--TOPICAL TERM
- Topical term or geographic name entry element: علماء امريكيون
670 ## - SOURCE DATA FOUND
- Source citation: Work cat.: (JO-AjAnu)9365: بيرلاند،تيودور ، بدران،احمد/ترجمة, author 18244, من حياة العلماء